Municipal and rural sanitation (Record no. 12109)

000 -LEADER
fixed length control field 00625nam a22002171 4500
001 - CONTROL NUMBER
control field 12109
003 - CONTROL NUMBER IDENTIFIER
control field BD-DhUET
008 - FIXED-LENGTH DATA ELEMENTS--GENERAL INFORMATION
fixed length control field 720914s1965 nyua b 000 0 eng
040 ## - CATALOGING SOURCE
Original cataloging agency DLC
Transcribing agency DLC
Modifying agency BD-DhUET
082 ## - DEWEY DECIMAL CLASSIFICATION NUMBER
Classification number 628
Item number EHL/1965
100 ## - MAIN ENTRY--PERSONAL NAME
Personal name Ehlers, Victor M.
245 10 - TITLE STATEMENT
Title Municipal and rural sanitation
250 ## - EDITION STATEMENT
Edition statement 6th ed.
260 ## - PUBLICATION, DISTRIBUTION, ETC. (IMPRINT)
Place of publication, distribution, etc. New Delhi
Name of publisher, distributor, etc. Tata McGraw-Hill
Date of publication, distribution, etc. 1965
300 ## - PHYSICAL DESCRIPTION
Extent xiv, 663 p.
Other physical details ill.
Dimensions 24 cm.
490 0# - SERIES STATEMENT
Series statement McGraw-Hill series in sanitary science and water resources engineering
504 ## - BIBLIOGRAPHY, ETC. NOTE
Bibliography, etc Includes bibliographies
650 #0 - SUBJECT ADDED ENTRY--TOPICAL TERM
Topical term or geographic name as entry element Sanitary engineering
700 ## - ADDED ENTRY--PERSONAL NAME
Personal name Steel, Ernest W.
942 ## - ADDED ENTRY ELEMENTS (KOHA)
Koha item type General Book
Holdings
Sublocation or collection (holding branch) Koha full call number Copy number Shelving location Withdrawn status Damaged status Lost status Date acquired Not for loan Source of classification or shelving scheme Location (home branch) Koha item type Piece designation (barcode) Price effective from Koha normalized classification for sorting Koha date last seen
Central Library, BUET628/EHL/19651Circulation section   2015-02-23  Central Library, BUETGeneral Book548232015-02-23628_000000000000000_EHL_19652015-02-23
Central Library, BUET628/EHL/19652Circulation section   2015-05-06  Central Library, BUETGeneral Book573402015-05-06628_000000000000000_EHL_19652015-05-06
Central Library, BUET628/EHL/19653Circulation section   2015-05-06  Central Library, BUETGeneral Book573412015-05-06628_000000000000000_EHL_19652015-05-06
Central Library, BUET628/EHL/19584Circulation section   2015-05-07  Central Library, BUETGeneral Book427262015-05-07628_000000000000000_EHL_19582015-05-07
Central Library, BUET628/EHL/19655Circulation section   2015-05-07  Central Library, BUETGeneral Book195152015-05-07628_000000000000000_EHL_19652015-05-07
Central Library, BUET628/EHL/19656Circulation section   2015-05-07  Central Library, BUETGeneral Book207852015-05-07628_000000000000000_EHL_19652015-05-07
Central Library, BUET628/EHL/19657Circulation section   2015-05-07  Central Library, BUETGeneral Book195142015-05-07628_000000000000000_EHL_19652015-05-07
Central Library, BUET628/EHL/19658Circulation section   2015-05-07  Central Library, BUETGeneral Book258512015-05-07628_000000000000000_EHL_19652015-05-07
Central Library, BUET628/EHL/19659Circulation section   2015-05-07  Central Library, BUETGeneral Book207842015-05-07628_000000000000000_EHL_19652015-05-07